A catalogue of all the live and dead farming stock, ... late the property of Earl Ferrers, dec. at his Lordship's seat, at Chartley Castle, near Wolesley Bridge, Staffordshire. Which will be sold by auction by Mr Christie, on the premises on Friday, June 22, 1787 ... on Monday the 25th instant, and seven following days, Sunday excepted, will be sold, all the elegant household furniture, numerous live and dead stock, and other valuable effects, at his lordship's late seat at Staunton Harold, near Ashby-de-la-Zouch, in the county of Leicester (Record no. 114436)
[ view plain ]
| 000 -LEADER | |
|---|---|
| fixed length control field | 00945cam a22001695a 4500 |
| 001 - CONTROL NUMBER | |
| control field | L156820 |
| 008 - FIXED-LENGTH DATA ELEMENTS--GENERAL INFORMATION | |
| fixed length control field | 120717s1787 xxk f 000 0 eng d |
| 035 ## - SYSTEM CONTROL NUMBER | |
| System control number | (Sirsi) u156820 |
| 041 0# - LANGUAGE CODE | |
| Language code of text/sound track or separate title | eng |
| 110 2# - MAIN ENTRY--CORPORATE NAME | |
| Corporate name or jurisdiction name as entry element | Christie and Co |
| 9 (RLIN) | 1921 |
| 245 02 - TITLE STATEMENT | |
| Title | A catalogue of all the live and dead farming stock, ... late the property of Earl Ferrers, dec. at his Lordship's seat, at Chartley Castle, near Wolesley Bridge, Staffordshire. Which will be sold by auction by Mr Christie, on the premises on Friday, June 22, 1787 ... on Monday the 25th instant, and seven following days, Sunday excepted, will be sold, all the elegant household furniture, numerous live and dead stock, and other valuable effects, at his lordship's late seat at Staunton Harold, near Ashby-de-la-Zouch, in the county of Leicester |
| 260 ## - PUBLICATION, DISTRIBUTION, ETC. | |
| Place of publication, distribution, etc. | [S.l.] |
| Name of publisher, distributor, etc. | [s.n.] |
| Date of publication, distribution, etc. | [1787] |
| 300 ## - PHYSICAL DESCRIPTION | |
| Extent | [22 p.] |
| Dimensions | 26 cm. |
| 651 #4 - SUBJECT ADDED ENTRY--GEOGRAPHIC NAME | |
| Geographic name | Great Britain |
| Chronological subdivision | 1707- |
| 690 ## - LOCAL SUBJECT ADDED ENTRY--TOPICAL TERM (OCLC, RLIN) | |
| Topical term or geographic name as entry element | Auctioneering |
| 9 (RLIN) | 6218 |
| 942 ## - ADDED ENTRY ELEMENTS (KOHA) | |
| Suppress in OPAC | 0 |
No items available.